000 00632nam a2200241 a 4500
999 _c10499
_d10499
003 BD-JhCC
005 20180430174844.0
008 180430s1970 nbu |||| |||| 000 0 eng d
020 _a822001179
035 _a(BD-JhCC)
040 _aBD-JhCC
_dBD-JhCC
041 _aeng
082 _a823.8
_bBYE 1970
100 _aByers, David M.
245 _aAdam Bede, notes /
_cDavid M. Byers,
260 _aUSA :
_bCliff's notes,
_c1970
300 _a104 p. :
_c21 cm.
504 _aIncludes bibliography
650 _aAdam Bede (Eliot, George)
650 _aInfanticide in literature
650 _aExaminations
942 _2ddc
_cBK